ARRUPE JESUIT UNIVERSITY

CORONAVIRUS -STOP THE SPREAD - CLEAN,DISINFECT,COVER

Esmond in India (Record no. 119659)

MARC details
000 -LEADER
fixed length control field 00348nam a22001337a 4500
008 - FIXED-LENGTH DATA ELEMENTS--GENERAL INFORMATION
fixed length control field 140122b xxu||||| |||| 00| 0 eng d
020 ## - INTERNATIONAL STANDARD BOOK NUMBER
International Standard Book Number 0140052879
050 ## - LIBRARY OF CONGRESS CALL NUMBER
Classification number PZ4.J6E8
100 ## - MAIN ENTRY--PERSONAL NAME
Personal name Jhabvala, Ruth Prawer
9 (RLIN) 6972
245 ## - TITLE STATEMENT
Title Esmond in India
260 ## - PUBLICATION, DISTRIBUTION, ETC. (IMPRINT)
Place of publication, distribution, etc Harmondsworth
Name of publisher, distributor, etc Penguin Books
Date of publication, distribution, etc 1980
300 ## - PHYSICAL DESCRIPTION
Extent 206p.
Dimensions 20cm
942 ## - ADDED ENTRY ELEMENTS (KOHA)
Source of classification or shelving scheme Library of Congress Classification
Item type Monograph ( Printed materials)
Holdings
Withdrawn status Lost status Source of classification or shelving scheme Damaged status Not for loan Home library Current library Date acquired Total Checkouts Full call number Barcode Date last seen Price effective from Koha item type
    Library of Congress Classification     ARRUPE LIBRARY ARRUPE LIBRARY 22/01/2014   PZ4.J6E8 464122476 02/07/2019 22/01/2014 Monograph ( Printed materials)

 

Arrupe Library. PO Box MP320 Mt Pleasant, Harare, Zimbabwe
263 242 745411|librarian@aju.ac.zw